[Event "Speed Chess Championship 2020"]
[Site "Online"]
[Date "2020.12.04"]
[Round "2.16"]
[White "Fedoseev, Vladimir"]
[Black "Nakamura, Hikaru"]
[Result "0-1"]
[WhiteElo "2676"]
[BlackElo "2736"]
[Annotator "ChessBase"]
[PlyCount "86"]
[EventDate "2020.10.31"]
[EventType "k.o."]
[EventCountry "NET"]
[SourceTitle "playchess.com"]
[Source "ChessBase"]
[SourceQuality "1"]
[TimeControl "180+1"]

1. e4 {[%emt 0:00:01]} e5 {[%emt 0:00:01]} 2. Nf3 {[%emt 0:00:00]} Nc6 {[%emt 0:00:00]} 3. Bc4 {[%emt 0:00:01]} Bc5 {[%emt 0:00:00]} 4. c3 {[%emt 0:00:00]} Nf6 {[%emt 0:00:01]} 5. d3 {[%emt 0:00:01]} d6 {[%emt 0:00:00]} 6. O-O {[%emt 0:00:02]} a5 {[%emt 0:00:01]} 7. Re1 {[%emt 0:00:01]} h6 {[%emt 0:00:00]} 8. Nbd2 {[%emt 0:00:01]} O-O {[%emt 0:00:01]} 9. Nf1 {[%emt 0:00:00]} Be6 {[%emt 0:00:01]} 10. Bb5 {[%emt 0:00:01]} Bb6 {[%emt 0:00:01]} 11. h3 {[%emt 0:00:03]} Ne7 {[%emt 0:00:02]} 12. d4 {[%emt 0:00:02]} exd4 {[%emt 0:00:00]} 13. cxd4 {[%emt 0:00:02]} d5 {[%emt 0:00:01]} 14. e5 {[%emt 0:00:03]} Ne4 {[%emt 0:00:01]} 15. Ng3 {[%emt 0:00:03]} c5 {[%emt 0:00:01]} 16. Be3 {[%emt 0:00:22]} Nxg3 {[%emt 0:00:10]} 17. dxc5 {[%emt 0:00:01]} Ngf5 {[%emt 0:00:06]} 18. cxb6 {[%emt 0:00:02]} Nxe3 {[%emt 0:00:00]} 19. Rxe3 {[%emt 0:00:02]} Qxb6 {[%emt 0:00:00]} 20. Rb3 {[%emt 0:00:03]} Qa7 {[%emt 0:00:29]} 21. Nd4 {[%emt 0:00:03]} Nf5 {[%emt 0:00:01]} 22. Nxf5 {[%emt 0:00:22]} Bxf5 {[%emt 0:00:00]} 23. Rg3 {[%emt 0:00:16]} Qb6 {[%emt 0:00:09]} 24. Qxd5 {[%emt 0:00:14]} Be6 {[%emt 0:00:01]} 25. Qd3 {[%emt 0:00:03]} Rfd8 {[%emt 0:00:01]} 26. Qe2 {[%emt 0:00:01]} Rac8 {[%emt 0:00:02]} 27. Bd3 {[%emt 0:00:03]} Rd4 {[%emt 0:00:12]} 28. Kh2 {[%emt 0:00:08]} Rf4 {[%emt 0:00:06]} 29. Rf1 {[%emt 0:00:04]} Bxa2 {[%emt 0:00:05]} 30. b3 {[%emt 0:00:17]} Bxb3 {[%emt 0:00:04]} 31. Rb1 {[%emt 0:00:01]} a4 {[%emt 0:00:01]} 32. Re3 {[%emt 0:00:08]} Qc7 {[%emt 0:00:13]} 33. g3 {[%emt 0:00:01]} Rd4 {[%emt 0:00:01]} 34. Bf5 {[%emt 0:00:02]} Rcd8 {[%emt 0:00:02]} 35. e6 {[%emt 0:00:06]} Rd2 {[%emt 0:00:10]} 36. Qxd2 {[%emt 0:00:06]} Rxd2 {[%emt 0:00:01]} 37. e7 {[%emt 0:00:00]} Rxf2+ {[%emt 0:00:01]} 38. Kg1 {[%emt 0:00:02]} Rxf5 {[%emt 0:00:00]} 39. e8=Q+ {[%emt 0:00:00]} Kh7 {[%emt 0:00:01]} 40. Qe4 {[%emt 0:00:12]} g6 {[%emt 0:00:00]} 41. Qd4 {[%emt 0:00:06]} Qc2 {[%emt 0:00:08]} 42. Rb2 {[%emt 0:00:09]} Qc1+ {[%emt 0:00:04]} 43. Kh2 {[%emt 0:00:02]} Bd5 {[%emt 0:00:01]} 0-1

[Event "Speed Chess Championship 2020"]
[Site "Online"]
[Date "2020.12.03"]
[Round "2.17"]
[White "Carlsen, Magnus"]
[Black "Artemiev, Vladislav"]
[Result "1/2-1/2"]
[WhiteElo "2862"]
[BlackElo "2708"]
[Annotator "TA"]
[PlyCount "104"]
[EventDate "2020.10.31"]
[EventType "k.o."]
[EventCountry "NET"]
[SourceTitle "playchess.com"]
[Source "ChessBase"]
[SourceQuality "1"]

{[%evp 23,104,20,20,-39,-36,-40,-29,-28,-35,-33,-55,-39,-52,-135,-130,-120,-89,-83,3,6,9,8,4,7,6,7,114,-29,137,140,123,70,105,105,107,103,139,144,136,136,136,143,143,143,158,109,122,112,114,91,126,125,142,50,91,91,112,70,70,70,70,46,70,17,17,8,17,17,17,10,17,8,17,-8,-8,-8,-8,-8,0,0,0,0,0]} 1. d4 Nf6 2. c4 g6 3. Nc3 d5 4. cxd5 Nxd5 5. e4 Nxc3 6. bxc3 Bg7 7. Nf3 c5 8. Be3 Qa5 9. Qd2 O-O 10. Rc1 cxd4 11. cxd4 Qxd2+ 12. Nxd2 Rd8 {is the new trend.} 13. Be2 {D85: Exchange Grünfeld: Unusual White 7th moves and lines with 7 Nf3.} (13. Nb3 $11) 13... Nc6 $15 {[%cal Bb8c6,Bc6b4,Bb4a2,Ba2c3][%mdl 32]} 14. d5 Nb4 {[#]} 15. a3 $146 {Black has an edge.} ({Predecessor:} 15. Bc5 Nxa2 16. Rc2 Nc3 17. Bxe7 Re8 18. d6 Bd7 19. Bc4 b5 20. Bd5 Rac8 21. Bb7 Rb8 22. Bd5 b4 23. O-O Rec8 24. Bb3 a5 25. Nb1 a4 {0-1 (25) Varga,C (2261)-Flumbort,A (2486) Budapest 2004}) 15... Na2 $1 {[%cal Ra2c1]} 16. Rc7 Nc3 17. Rxe7 Bd7 18. Bg5 ({Better is} 18. Bd3 $15) 18... h6 $17 19. Bh4 g5 20. Bg3 Bf6 (20... Bf8 $17 21. Rxd7 Rxd7) 21. Rxd7 $1 $11 Rxd7 22. Bg4 Re7 23. d6 Ree8 24. d7 Re7 (24... Re6 $11) 25. Bd6 (25. Bc7 $16 Re6 26. Bxe6 fxe6 27. O-O) 25... Rxe4+ $2 (25... Rxd7 $11 26. Bxd7 Rd8) 26. Nxe4 $16 Nxe4 27. Bg3 (27. Bc7 $16) 27... a5 28. Ke2 Nxg3+ 29. hxg3 {[%mdl 4096] Endgame KRB-KRB} b5 30. Rc1 {[#] Rc8+ is the strong threat.} ({Don't play} 30. Rxh6 Kg7 $14) 30... Rd8 31. Rc5 b4 32. Rxa5 bxa3 33. Rxa3 Kf8 34. Re3 Rb8 35. f4 Be7 36. Kf3 Rb4 37. Bf5 Rd4 38. Kg4 (38. Rc3 $16) 38... gxf4 39. gxf4 Rd5 40. Re5 Rxe5 41. fxe5 $14 {KB-KB} Bd8 42. Kh5 Kg7 43. g4 ({White should try} 43. Bh3 $14) 43... Be7 $11 {The position is equal.} 44. Bd3 Bd8 45. Bc4 Bg5 46. Bb3 Kf8 47. Bd5 Kg7 48. Bxf7 Kxf7 {[#]} 49. d8=Q $1 {[%mdl 512]} Bxd8 50. Kxh6 Ke6 51. g5 Bxg5+ 52. Kxg5 Kxe5 {Black escapes into a draw.  Weighted Error Value: White=0.24/Black=0.24} 1/2-1/2

[Event "Speed Chess Championship 2020"]
[Site "Online"]
[Date "2020.11.19"]
[Round "2.17"]
[White "So, Wesley"]
[Black "Duda, Jan-Krzysztof"]
[Result "1-0"]
[WhiteElo "2816"]
[BlackElo "2743"]
[Annotator "TA"]
[PlyCount "87"]
[EventDate "2020.10.31"]
[EventType "k.o."]
[EventCountry "NET"]
[SourceTitle "playchess.com"]
[Source "ChessBase"]
[SourceQuality "1"]

{[%evp 9,87,72,122,105,113,110,123,77,93,81,85,91,106,81,140,109,176,175,168,170,172,100,145,60,184,135,146,88,92,99,102,102,105,105,170,187,175,175,193,181,181,182,182,172,527,542,722,710,647,196,196,196,266,218,436,291,291,293,687,418,406,168,177,162,169,170,186,193,299,303,413,321,736,744,1188,1164,979,0,542,454]} 1. d4 c5 2. d5 e5 3. e4 d6 4. Nc3 g6 5. h4 Bh6 {[#]} 6. h5 $146 {A44: Semi-Benoni.} ({Predecessor:} 6. Bxh6 Nxh6 7. Qd2 Ng4 8. h5 a6 9. hxg6 fxg6 10. a4 Nd7 11. Be2 Ngf6 12. Nf3 Nf8 {1-0 (70) Yevseev,D (2530)-Eliseev,A (2439) St Petersburg 2005}) 6... Bxc1 7. Qxc1 g5 8. Nge2 {White is better.} Nh6 9. Ng3 O-O 10. Bd3 a6 11. a4 b6 ({Better is} 11... Qe7) 12. Nd1 Ra7 (12... f5 $16 {keeps fighting.}) 13. Ne3 $18 Kh8 14. Qd2 Nd7 15. c3 (15. Nc4 $18) 15... Nf6 $16 16. b4 (16. f3 $16) 16... Nfg8 (16... Nxe4 $14 17. Bxe4 (17. Nxe4 f5 $11) 17... f5) 17. a5 cxb4 18. cxb4 (18. axb6 $142 Qxb6 19. cxb4) 18... b5 19. Rc1 Ne7 20. O-O Bd7 21. Rc3 Rc7 {[#]} (21... f6 $16 22. Rfc1 Kg7) 22. Rfc1 $1 $18 Rxc3 23. Qxc3 ({Don't take} 23. Rxc3 $6 f6 $16) 23... Qa8 24. Qc7 Rc8 25. Qxd7 {Rxc8+ is the strong threat.} Rxc1+ 26. Kh2 Qf8 $2 (26... Neg8 {is more resistant.}) 27. Qxd6 {[%mdl 64] Double Attack} Ng6 28. Qf6+ Qg7 29. Qxg7+ $2 (29. Qxa6 {Threatens to win with Ngf5.} Nh4 30. Bxb5) 29... Kxg7 30. hxg6 fxg6 (30... hxg6 {is a better defense.} 31. Ne2 Ra1) 31. Ne2 Ra1 $2 (31... Rc8 {was necessary.} 32. Kg3 Nf7) 32. d6 Nf7 33. d7 Ra3 $2 (33... Kf6 34. Nd5+ Ke6 35. Nc7+ Kxd7 36. Nxa6 Nd6) 34. Bc2 Kf6 35. Nd5+ (35. Nc1 $142) 35... Ke6 36. Nc7+ Kxd7 37. Nxa6 Nd6 38. Nc5+ Ke7 (38... Kc7 $142 39. f3 Nb7) 39. Bb3 h5 40. a6 g4 $2 (40... Nc8 41. Nc3 Na7 42. Nd5+ Kf8) 41. Nc3 Kf6 42. Nd5+ Kg5 {[#]} 43. Nc3 $2 (43. Ba4 $1 $18 {[%mdl 512]} Rxa4 44. Nxa4) 43... h4 $2 {[%mdl 8192] [#]} (43... Kf6 $1 $11 {and Black has nothing to worry.} 44. Ba4 Nc8 45. Nxb5 Ra1) 44. Ba4 $1 {[%mdl 576] Promotion.  Weighted Error Value: White=0.62/Black=0.77} 1-0

[Event "Speed Chess Championship 2020"]
[Site "Online"]
[Date "2020.12.03"]
[Round "2.17"]
[White "Vachier-Lagrave, Maxime"]
[Black "Aronian, Levon"]
[Result "1/2-1/2"]
[WhiteElo "2784"]
[BlackElo "2781"]
[Annotator "TA"]
[PlyCount "95"]
[EventDate "2020.10.31"]
[EventType "k.o."]
[EventCountry "NET"]
[SourceTitle "playchess.com"]
[Source "ChessBase"]
[SourceQuality "1"]

{[%evp 12,95,14,10,20,5,17,15,10,10,8,8,8,7,20,-1,26,3,3,-17,-1,-3,0,6,18,14,40,18,18,14,14,20,19,2,48,49,62,23,27,24,29,22,72,4,0,0,0,0,0,0,0,0,0,0,0,0,0,0,0,0,0,0,7,7,6,6,81,81,137,0,0,0,0,0,0,0,0,0,0,0,0,0,0,0,0,0]} 1. e4 e5 2. Nf3 Nc6 3. Bc4 Bc5 4. c3 Nf6 5. d3 d6 6. O-O O-O 7. Re1 $1 {[%mdl 4] is more profitable than 7.Bb3 at the moment.} a5 {C54: Giuoco Piano: 4 c3 Nf6, main lines with 5 d4 and 5 d3.} 8. Nbd2 Be6 9. Bb5 Qb8 10. Nf1 Qa7 11. Be3 Bxe3 12. Nxe3 {[#]} a4 $146 ({Predecessor:} 12... Qb6 13. a4 Ng4 14. Qd2 Nxe3 15. Rxe3 Ne7 16. d4 Ng6 17. Ng5 c6 18. Bf1 Rad8 19. Nxe6 fxe6 {1-0 (57) Adams,M (2701)-Anton Guijarro,D (2703) Biel 2020}) 13. Qc2 Ne7 14. Bc4 Bxc4 15. dxc4 Qa6 16. c5 Ng6 17. cxd6 Qxd6 18. Rad1 Qe6 19. Nd5 Nxd5 20. exd5 Qd6 21. Ng5 Qe7 22. Ne4 Rfd8 (22... f5 $5 {[%cal Rf5e4]} 23. d6 Qf7 $11) 23. c4 b6 24. Ng3 f6 25. Nf5 Qf8 26. Qe4 Ne7 {[%cal Bg6e7,Be7c8,Bc8d6][%mdl 32]} 27. Ne3 (27. Nd4 $16) 27... Nc8 $11 28. g3 Nd6 29. Qc2 f5 30. c5 bxc5 31. Qxc5 Qf7 32. Nc4 Nxc4 33. Qxc4 e4 34. Rd4 h5 35. h4 Rd6 36. Rc1 Rad8 37. Qxa4 Rxd5 38. Rxd5 Rxd5 {[%mdl 4096] Endgame KQR-KQR} (38... Qxd5 $11 39. Qc2 (39. Rxc7 e3 $11) 39... Qxa2) 39. Qb3 $16 c5 (39... Kh7 $142) 40. Qe3 (40. a4 $16) 40... c4 $11 {The position is equal.} 41. a4 Kh7 42. Qe2 Rd3 43. Rxc4 Qxc4 44. Qxh5+ {[%mdl 64] [#] Double Attack} Kg8 45. Qe8+ Kh7 46. Qh5+ {[%mdl 64] Double Attack} Kg8 47. Qe8+ Kh7 {[#] ( -> ...Rd1+)} 48. Qh5+ {[%mdl 64] Double Attack.  Weighted Error Value: White=0.12/Black=0.10} 1/2-1/2

[Event "Speed Chess Championship 2020"]
[Site "Online"]
[Date "2020.12.04"]
[Round "2.17"]
[White "Nakamura, Hikaru"]
[Black "Fedoseev, Vladimir"]
[Result "1-0"]
[WhiteElo "2736"]
[BlackElo "2676"]
[Annotator "TA"]
[PlyCount "89"]
[EventDate "2020.10.31"]
[EventType "k.o."]
[EventCountry "NET"]
[SourceTitle "playchess.com"]
[Source "ChessBase"]
[SourceQuality "1"]

{[%evp 9,89,72,120,109,115,112,110,122,133,94,137,130,124,99,102,78,80,73,60,68,144,136,128,135,152,117,185,193,283,288,356,356,380,377,370,350,342,277,260,270,263,286,258,269,495,491,554,557,552,546,559,549,815,348,335,319,351,351,351,348,323,279,424,395,685,652,619,608,676,666,1177,1032,1968,1847,1635,1244,3064,1445,29965,29966,5531,1975]} 1. d4 Nf6 2. Bg5 c5 3. d5 b5 4. f3 {[#]} e5 $146 ({Predecessor:} 4... d6 5. e4 Bd7 6. a4 bxa4 7. Bd2 Qb6 8. Bc3 g6 9. Na3 Bg7 10. Nh3 Na6 11. Nc4 {1-0 (49) Blanco Ruiz,C (1630)-Rojo Jorge,A (1364) Madrid 2015}) 5. e4 Ba6 6. a4 {A45: Trompowsky Attack.} b4 7. Bxa6 Nxa6 8. Nd2 {White is better.} d6 9. Nc4 Nc7 10. Ne2 Be7 11. Be3 O-O 12. c3 a5 13. O-O Nd7 14. Nc1 Qc8 {Black is now going downhill.} (14... Ne8 $14) 15. Nb3 $16 Qa6 16. Nbxa5 {Hoping for cxb4.} bxc3 17. b3 f5 (17... Nb8 $16) 18. Nc6 $18 Bf6 (18... Rae8 $142 19. Qd3 Nb8) 19. Nxd6 fxe4 20. fxe4 {Strongly threatening Qg4.} Nb8 21. Nxb8 Qxd6 22. Nc6 Ne6 23. dxe6 Qxc6 24. Qd5 $1 {[%cal Rd5c6]} Qxd5 25. exd5 Rfd8 26. Rfd1 ({Weaker is} 26. Bxc5 Rxd5 27. b4 c2 $16) 26... e4 $2 (26... c2) 27. Rac1 c4 28. bxc4 {[%cal Bb3c4,Bc4c5][%mdl 32]} Rxa4 29. c5 Rc4 30. d6 Ra8 31. e7 (31. Ra1 $142 Rb8 32. Rdb1) 31... Kf7 32. Rc2 Ke6 33. Rb1 h6 34. Rb3 Rca4 35. g4 Kd7 (35... Rc4 {was called for.} 36. Kg2 Be5) 36. Rb7+ Kc6 $2 (36... Ke6 37. h4 Rd4 38. Bxd4 Bxd4+ 39. Kg2 Bxc5 40. Rxc3 Bxd6) 37. Rc7+ Kd5 {[#]} 38. Rxc3 $3 {[%mdl 512]} Ra1+ (38... Bxc3 39. d7) 39. Rc1 Rxc1+ 40. Bxc1 {KRB-KRB} Bd4+ 41. Kf1 Ke6 42. Ke2 g5 {[#]} 43. Bd2 (43. Ba3 $142 $1 {[%mdl 512]} Be5 {[#]} (43... Rxa3 44. e8=Q+) 44. d7 $1 {[%mdl 512]} Kxe7 45. Rc8 Kxd7 46. Rxa8) 43... Be5 {[#]} 44. d7 $1 {[%mdl 512]} Kxe7 45. Rc8 {Weighted Error Value: White=0.20/Black=0.65} 1-0

[Event "Speed Chess Championship 2020"]
[Site "Online"]
[Date "2020.12.03"]
[Round "2.18"]
[White "Aronian, Levon"]
[Black "Vachier-Lagrave, Maxime"]
[Result "1-0"]
[WhiteElo "2781"]
[BlackElo "2784"]
[Annotator "TA"]
[PlyCount "91"]
[EventDate "2020.10.31"]
[EventType "k.o."]
[EventCountry "NET"]
[SourceTitle "playchess.com"]
[Source "ChessBase"]
[SourceQuality "1"]

{[%evp 9,91,-6,13,5,8,4,18,0,4,-9,1,-8,-10,-7,-24,-17,10,0,7,17,10,10,25,0,81,84,73,42,42,20,66,56,57,66,103,102,87,95,93,101,100,92,177,144,129,140,356,276,274,236,218,213,251,243,281,275,265,272,271,245,247,254,257,236,243,245,309,316,336,300,379,381,356,337,436,436,569,425,418,410,492,487,506,498]} 1. e4 c5 2. Nf3 d6 3. c3 Nf6 4. h3 Bd7 5. d3 Bc6 {[#]} 6. Be2 $146 {B50: Sicilian: 2...d6, Miscellaneous.} ({Predecessor:} 6. Nbd2 g6 7. Be2 Bg7 8. O-O O-O 9. Re1 Nbd7 10. Bf1 e5 11. a4 d5 {½-½ (11) Firat,B (2408)-Yilmazyerli,M (2312) Konya 2012}) 6... g6 7. O-O Bg7 8. Be3 {The position is equal.} O-O 9. Nbd2 Nbd7 10. Qb1 e5 11. d4 exd4 12. cxd4 {d5 is the strong threat.} cxd4 13. Nxd4 Re8 {[%cal Rc6e4]} 14. Nxc6 bxc6 15. Qc2 d5 16. Qxc6 dxe4 (16... Rc8 $11 {keeps the balance.} 17. Qb7 Nc5 18. Bxc5 (18. Qxa7 Nfxe4 19. Nxe4 Rxe4 $11) 18... Rxc5) 17. Nc4 $16 Rc8 18. Qd6 Bf8 19. Qd2 Nc5 20. Rfd1 Qxd2 21. Rxd2 Rc7 22. Rad1 Ne6 23. Nd6 Rb8 24. b3 {[%cal Bb2b3,Bb3a4,Ba4a5][%mdl 32]} a5 25. Bc4 a4 (25... h5 $16 {was worth a try.}) 26. bxa4 Bxd6 27. Bxe6 Be5 $2 {[#] Loses the game.} (27... fxe6 $16 28. Rxd6 Kf7) 28. Bb3 Kg7 29. a5 Ra8 30. Bb6 Rc3 31. Kf1 Bc7 32. Bd4 Bxa5 33. Bxc3 Bxc3 34. Rd8 Ra7 35. Rc8 Ba5 36. Ke2 Re7 37. Rc6 e3 38. fxe3 Ne4 {Now ...Nc3+ and Black clings on.} 39. Rd3 h5 40. Bd5 Ng3+ 41. Kd1 Nf5 42. e4 Nh4 43. Rc2 g5 44. a4 Ng6 45. Rc5 Bb6 46. Rb5 {Weighted Error Value: White=0.14/Black=0.29} 1-0

[Event "Speed Chess Championship 2020"]
[Site "Online"]
[Date "2020.11.19"]
[Round "2.18"]
[White "Duda, Jan-Krzysztof"]
[Black "So, Wesley"]
[Result "1-0"]
[WhiteElo "2743"]
[BlackElo "2816"]
[Annotator "TA"]
[PlyCount "99"]
[EventDate "2020.10.31"]
[EventType "k.o."]
[EventCountry "NET"]
[SourceTitle "playchess.com"]
[Source "ChessBase"]
[SourceQuality "1"]

{[%evp 18,99,8,8,8,6,2,-63,-99,-95,-20,-100,-102,-107,-106,-145,0,0,28,0,368,139,349,25,126,121,114,0,0,0,0,0,0,0,0,0,52,2,0,0,0,0,37,38,179,183,203,188,180,193,381,360,469,431,525,496,578,533,972,965,923,911,2265,2168,3187,3220,5489,2627,4079,3526,29986,29985,29988,29989,29991,29992,29992,29993,29995,29996,29996,29993,29998,29999]} 1. d4 Nf6 2. c4 e6 3. Nf3 d5 4. Nc3 c5 5. e3 Nc6 6. a3 a6 7. dxc5 Bxc5 8. b4 Ba7 9. Bb2 O-O 10. Qc2 {10.Be2 gains popularity.} Bd7 {D40: Queen's Gambit Declined: Semi-Tarrasch with 5 e3.} 11. Rd1 {[%cal Rc4d5]} Rc8 {[#]} 12. g4 $146 (12. Qb3 $11) ({Predecessor:} 12. cxd5 exd5 13. Be2 d4 14. exd4 Bg4 15. d5 Ne7 16. Qb1 Bf5 17. Bd3 Bg4 18. Be2 {1-0 (74) So,W (2770)-Caruana,F (2804) Leuven 2016}) 12... Nxg4 $15 {Black is slightly better.} 13. Rg1 Nge5 (13... Nce5 $17 14. Nxe5 Nxe5) 14. Be2 (14. Ng5 $11 g6 15. Rg3) 14... Nxf3+ $17 15. Bxf3 {next Nxd5! is good for White.} Ne5 (15... dxc4 $2 16. Ne4 $1 $18 {[%mdl 512]} (16. Nb5 f6 $16)) 16. Be2 dxc4 $2 (16... Rxc4 $17 17. Bxc4 Nf3+ 18. Ke2 Nxg1+ 19. Rxg1 dxc4) 17. Ne4 $11 {[#]} c3 $1 18. Bxc3 Bb8 $2 {[%mdl 8192] [#]} (18... Ng6 $11) 19. Nc5 $2 (19. Rxd7 $1 $18 {[%mdl 512]} Qh4 (19... Qxd7 20. Nf6+) 20. Rxb7 Qxh2 21. Rf1) 19... f6 $2 (19... g6 $16) 20. Qe4 $2 ({Not} 20. Bxe5 Bxe5 21. Qb3 (21. Rxd7 Qxd7 {[%mdl 64] Pin} 22. Bd3 Qe7 $17) 21... Rxc5 $16) (20. f4 $18 Rf7 21. fxe5) 20... Qe7 (20... Rxc5 $1 $11 21. bxc5 Bc6 22. Rxd8 Bxe4 23. Rxf8+ Kxf8) 21. Bxe5 $16 Bc6 22. Bxb8 ({Better is} 22. Bd6 $1 $16 {[%cal Rd6e7]} Bxd6 23. Qxe6+ Qxe6 24. Nxe6) 22... Bxe4 $11 23. Bd6 {[%mdl 64] Skewer} Qf7 {aiming for ...Bd5.} 24. Bxf8 Bg6 $1 25. Bd6 {Threatens to win with Bc4.} b6 $1 26. Nxa6 {Strongly threatening Bc7.} Rc2 (26... e5 $11) 27. b5 (27. Bc7 $5 {[%cal Rd1d8]} Qe7 28. Bxb6 $14) 27... e5 $1 28. Nb4 Rxe2+ $1 {[%mdl 64] Decoy} 29. Kxe2 {Black must now prevent Rc1.} Qc4+ 30. Kd2 {Rc1 is the strong threat.} Bh5 {[#] Black is now going downhill.} ({Black should try} 30... Qb3 $14 31. Rc1 Qb2+ 32. Nc2 Qb3) 31. Rc1 $1 $18 {[%cal Rc1c4]} Qe2+ 32. Kc3 Qxf2 33. Rge1 Qxh2 $2 (33... Be2 {might work better.}) 34. Bc7 Bf3 35. Bxb6 h5 36. a4 {[%cal Ba3a4,Ba4a5,Ba5a6][%mdl 32]} h4 37. a5 h3 38. a6 Qg3 39. Bc5 Kh7 40. b6 Qg4 41. b7 h2 42. b8=Q Qg2 43. Qd6 Qf2 44. Qd2 {White mates.} Qg3 {[#]} 45. Rh1 $1 Bxh1 46. Rxh1 Kg6 47. Qxh2 {[%csl Gh1][%cal Rh2h5]} Qf3 48. Rg1+ Kf7 {[#]} 49. Qg2 $1 Qf5 50. Qxg7+ {Weighted Error Value: White=0.41/Black=0.68} 1-0

[Event "Speed Chess Championship 2020"]
[Site "Online"]
[Date "2020.12.03"]
[Round "2.18"]
[White "Artemiev, Vladislav"]
[Black "Carlsen, Magnus"]
[Result "1/2-1/2"]
[WhiteElo "2708"]
[BlackElo "2862"]
[Annotator "TA"]
[PlyCount "162"]
[EventDate "2020.10.31"]
[EventType "k.o."]
[EventCountry "NET"]
[SourceTitle "playchess.com"]
[Source "ChessBase"]
[SourceQuality "1"]

{[%evp 9,162,17,19,8,15,8,17,6,7,0,13,7,7,6,8,10,14,9,2,0,10,0,0,-4,0,0,0,0,0,0,0,-24,-15,-23,-23,-27,0,-46,0,-31,0,16,16,0,32,25,45,0,0,-132,-93,-299,-294,-314,-300,-275,328,322,465,419,482,476,472,480,758,462,464,388,491,463,498,369,735,739,768,599,696,659,675,613,586,599,738,678,1221,1193,1373,1308,1095,558,556,522,614,375,426,37,37,0,30,37,37,23,42,37,36,13,13,0,2,3,14,10,10,0,14,0,14,13,14,14,14,14,91,37,37,0,0,0,22,22,37,30,14,14,14,14,14,14,37,14,14,14,43,30,37,0,14,14,14,0,18,0,14,0,28]} 1. d4 d5 2. Bg5 h6 3. Bh4 Bf5 4. e3 c6 5. Bd3 Qa5+ 6. Nc3 {D00: 1 d4 d5: Unusual lines.} Bxd3 7. cxd3 Nd7 8. Nf3 e6 9. O-O (9. Bg3 {is more complex.} Be7 10. O-O Ngf6 11. h3 O-O 12. e4) 9... Be7 {[#]} 10. Bxe7 $146 ({Predecessor:} 10. Bg3 Ngf6 11. a3 O-O 12. b4 Qd8 13. h3 a5 14. b5 c5 15. Na4 cxd4 16. exd4 {0-1 (76) Petrovic,M-Lematschko,T Plovdiv 1982}) 10... Nxe7 11. Qc2 O-O 12. b4 Qc7 13. Rfc1 Rfc8 14. Qb3 Qd8 15. Ne2 Nf5 16. b5 cxb5 17. Qxb5 Nd6 18. Qb4 Qb6 19. Qa3 a5 20. Rab1 Qa6 21. Ne5 Nf8 22. h4 b5 {[%cal Bb7b5,Bb5b4][%mdl 32]} 23. Rc5 b4 24. Qa4 f6 25. Nc6 {aiming for Ne7+.} Qxd3 26. Rbc1 Kh8 27. Nf4 Qa6 28. Ne7 {Strongly threatening Rxc8.} Rxc5 29. dxc5 (29. Rxc5 $11 Ne4 30. Rc7) 29... Ne4 {And now ...Nc3 would win.} 30. c6 $2 (30. Rc2 $17 {might work better.}) 30... Nc3 $19 31. Qc2 Qc4 32. Kh2 e5 $4 {[%mdl 8192] [#]} ({Avoid the trap} 32... Qxa2 $2 33. Qxa2 Nxa2 34. Rc5 $18) (32... Ra7 $19 {avoids the disaster.} 33. Neg6+ Nxg6 34. Qxg6 Qxc6) 33. Nfxd5 $1 $18 {[%mdl 576] Pin} Qxh4+ (33... Nxd5 34. Qxc4) 34. Kg1 Qc4 {intending ...Ne2+.} 35. Nxc3 bxc3 36. Qxc3 Qe6 (36... Qf7 $142 37. Qa3 Ng6) 37. c7 Qxe7 38. c8=Q Rxc8 39. Qxc8 {[%mdl 4096] Endgame KQR-KQN} Kh7 40. Qc5 Qf7 $2 (40... Qd8 41. Qc2+ Ng6) 41. Qxa5 Ng6 42. Qa4 f5 43. Qc4 Qf6 44. Qc6 Qg5 45. a4 e4 46. Qd6 f4 47. Qd4 f3 48. g3 Qg4 49. Kf1 Qh3+ 50. Ke1 {Rc7 would kill now.} Qh1+ 51. Kd2 {Threatening mate with Rc7!} Qg2 52. Qxe4 $2 (52. Rc7 $1 $18 {[%csl Gc7][%cal Rd4g7]} Qxf2+ {[#]} 53. Kc3 $1 {[%mdl 512]} Qe1+ 54. Kb2 $1 {[%mdl 512]} Qe2+ 55. Kb3 $1 {[%mdl 512]} Qd3+ 56. Qxd3 exd3 57. Rc1) 52... Qxf2+ $14 53. Kd3 Qe2+ (53... Qb2 $5 {[%cal Rb2c1]} 54. Re1 Qa3+ 55. Kd2 Qd6+ 56. Kc1 Qa3+ 57. Kd1 Qa1+ 58. Kd2 Qb2+ 59. Qc2 Qb4+ 60. Kd1 Qd6+ 61. Qd2 Qa3 $11) 54. Kc3 f2 $1 {Hoping for ...Qe1+.} 55. Qd3 Qg4 56. Rf1 Qxg3 57. a5 Qc7+ 58. Kb4 Qb7+ 59. Ka3 Qe7+ 60. Ka4 Qe8+ 61. Kb4 {Cut Off at move 61} Qb8+ 62. Kc3 Qe5+ 63. Kb3 Qxa5 64. Rxf2 Qb6+ 65. Kc2 Kg8 (65... Qc5+ $11 66. Kd1 Qh5+ 67. Kc1 Qc5+ 68. Kd1 Qh5+ 69. Kc1 Qc5+ 70. Rc2 Qg5) 66. Kd1 (66. Qb3+ $16 Qxb3+ 67. Kxb3) 66... Qe6 67. Ke2 Ne5 68. Qd4 Qa6+ 69. Kd1 Ng6 70. Qd5+ Kh7 71. Qe4 Qa1+ 72. Ke2 Qb2+ 73. Kf1 Qb6 74. Rg2 Qf6+ 75. Kg1 Qf7 76. Rf2 Qd7 77. Rg2 Qd1+ {The position is equal.} 78. Kh2 Qh5+ 79. Kg1 Qd1+ 80. Kh2 Qh5+ 81. Kg1 Qd1+ {Black defended with fortune.  Weighted Error Value: White=0.54/Black=0.33} 1/2-1/2